000 00543nmm a2200157Ia 4500
008 251105s9999||||xx |||||||||||||||||und||
020 _a9788418223389
041 _aspa
100 _aAlberto Apolo
245 0 _aRevoluciona tu vida :
_b Una hoja de ruta para tu reinvención personal y profesional
264 _a[Madrid, España] :
_bKōan Libros,
_c[Fecha de publicación no identificada]
300 _a0 páginas
650 _aSelf-help and personal development
856 _uhttps://public.digitaliapublishing.com/a/124120
942 _cCF
999 _c79645
_d79645